Guess the Elden Ring boss by Remembrance reward - Statistics

General Stats
  • This quiz has been taken 33 times
  • The average score is 12 of 15
Answer Stats
Reward Boss % Correct
Axe of Godfrey Godfrey, First Elden Lord/ Hoarah Loux, Warrior
93%
Dragon King's Cragblade Dragonlord Placidusax
90%
Burn, O Flame! Fire Giant
90%
Grafted Dragon Godrick the Grafted
90%
Scarlet Aeonia Malenia, Blade of Miquella
90%
Sacred Relic Sword Radagon of the Golden Order/ Elden Beast
90%
Lion Greatbow Starscourge Radahn
90%
Black Blade Incantation Maliketh, the Black Blade
83%
Bloodboon Incantation Mohg, Lord of Blood
79%
Regal Omen Bairn Morgott, the Omen King
79%
Carian Regal Scepter Rennala, Queen of the Full Moon
79%
Bastard's Stars Astel, Naturalborn of the Void
76%
Death Lightning Incantation Lichdragon Forissax
72%
Winged Greathorn Regal Ancestor Spirit
69%
Blasphemous Blade Rykard, Lord of Blasphemy
55%
No matching quizzes found
Score Distribution
Percent of People with Each Score
Percentile by Number Answered
Your Score History
You have not taken this quiz